[Event "XIX Sants Open 2017"]
[Site "Cotxeres de Sants"]
[Date "2017.08.18"]
[Round "1"]
[White "Svensen, Tarjei"]
[Black "Moussard, Jules"]
[Result "0-1"]
[WhiteElo "2106"]
[BlackElo "2571"]
[Annotator "TA"]
[PlyCount "88"]
[EventDate "2017.??.??"]
[EventType "swiss"]
[EventCountry "ESP"]
[SourceTitle "playchess.com"]
[Source "ChessBase"]
[SourceQuality "1"]

{[%evp 18,87,45,17,36,40,34,-14,0,-23,15,-70,-22,-25,-18,-52,-55,-142,-137,-131,-93,-89,-95,-87,-93,-104,-68,-90,14,0,33,69,77,66,58,85,93,93,94,73,62,19,28,22,54,52,37,0,0,0,0,0,12,-118,-15,-20,-28,-895,-911,-1079,-1075,-979,-734,-1464,-1420,-1424,-1181,-29996,-29984,-29998,-29999,-29999]} 1. d4 Nf6 2. c4 d6 3. Nf3 g6 4. g3 Bg7 5. Bg2 O-O 6. Nc3 Nbd7 7. O-O e5 8. dxe5 dxe5 9. h3 h6 10. Be3 Qe7 {E67: King's Indian: Fianchetto: 6...Nbd7} 11. Qc1 $146 ({Predecessor:} 11. Rc1 c6 12. Qb3 Re8 13. Rfd1 Bf8 14. a3 Nc5 15. Qa2 a5 16. b3 Bf5 17. Qb2 Ncd7 18. Ra1 {½-½ (70) Tseitlin,M (2430)-Skembris,S (2545) Beersheba 1993}) 11... Kh7 12. Rd1 c6 {The position is equal.} 13. a3 Nc5 14. Nd2 (14. Qc2 $11) 14... Nfd7 15. b4 Ne6 16. Nb3 f5 17. Qc2 (17. Rb1 $15) 17... f4 $1 $17 {[%cal Rf4e3]} 18. Bd2 fxg3 19. fxg3 Nd4 20. Qa2 Nb6 (20... Nxb3 $6 21. Qxb3 Nb6 22. Be3 $11) 21. Nc5 e4 22. N3xe4 {[#]} Nxe2+ ({Black should play} 22... Nd7 $1 $17 {[%cal Rd7c5] White must now prevent ...Nxc5.} 23. Bf4 Rxf4 24. gxf4 Nxc5 25. Nxc5 (25. bxc5 $2 Bxh3 26. e3 Bxg2 $17) 25... Nxe2+ 26. Kh2 Nxf4) 23. Kh2 $1 $11 Nd4 (23... Be5 $5 {[%cal Re2g3]} 24. Bxh6 Kxh6 25. Qxe2 Bxa1 26. Rxa1 Kh7 $11) 24. Bf4 Nf5 25. Rac1 g5 26. Bd6 Nxd6 27. Nxd6 Be5 28. Qc2+ Kh8 29. Nce4 ({Much weaker is} 29. Nxc8 Bxg3+ 30. Kh1 Raxc8 $11) 29... Be6 30. Rd3 Rad8 {[%cal Re5d6]} 31. Rcd1 Rd7 32. a4 {[%cal Ba3a4,Ba4a5][%mdl 32]} (32. c5 $5 {[%cal Rc5b6]} Nd5 33. Qe2 $11) 32... g4 $36 {[%mdl 2048] Threatens to win with ...gxh3. Black has some pressure.} 33. a5 {aiming for Qd2.} gxh3 34. Bh1 Nd5 35. Qd2 {[#]} (35. cxd5 $11 cxd5 36. Rxd5 Bxd5 37. Rxd5) 35... Qg7 ({Weaker is} 35... Bxd6 36. cxd5 Bxd5 37. Qxh6+ Kg8 38. Qg6+ Qg7 39. Qxg7+ Kxg7 40. Nxd6 $16) (35... Nf4 $1 $17 {[%mdl 512] Hoping for ...Qg7.} 36. Nc8 (36. gxf4 Bxf4+) 36... Rxd3 37. Nxe7 Rxd2+ 38. Rxd2 Re8) 36. cxd5 cxd5 37. Rxd5 $2 {[%mdl 8192]} (37. Nc4 $11 dxe4 38. Nxe5 Rxd3 39. Nxd3 exd3 40. Qe3) 37... Bxd5 $19 38. Qxd5 {[#]} Rxd6 $1 {[%mdl 512]} 39. Qb3 (39. Nxd6 Qxg3#) 39... Rg6 40. Rd3 h5 41. Kxh3 {[#]} h4 $1 42. gxh4 Rg1 {[%cal Rg1h1] Black mates.} 43. Bf3 {[#]} Rxf3+ $1 {[%mdl 512]} 44. Rxf3 Qg4# {Precision: White = 36%, Black = 64%.} (44... Qg2# $142) 0-1

[Event "XIX Sants Open 2017"]
[Site "Cotxeres de Sants"]
[Date "2017.08.18"]
[Round "1"]
[White "Lafortune, Emerick"]
[Black "Svetushkin, Dmitry"]
[Result "1/2-1/2"]
[WhiteElo "2104"]
[BlackElo "2558"]
[Annotator "TA"]
[PlyCount "120"]
[EventDate "2017.??.??"]
[EventType "swiss"]
[EventCountry "ESP"]
[SourceTitle "playchess.com"]
[Source "ChessBase"]
[SourceQuality "1"]

{[%evp 19,120,-28,-29,-24,0,-22,10,12,23,0,15,-70,0,0,10,0,97,-25,-28,-36,-23,-20,-6,-16,-11,-4,-18,-41,-36,-49,-16,-70,-70,-58,-79,-95,-89,-102,-89,-92,-97,-118,-125,-168,-168,-168,-168,-168,-168,-181,-166,-173,-168,-158,-164,-159,-160,-161,-157,-183,-153,-159,-153,-135,-127,-130,-119,-106,-104,-124,-14,-37,-13,-20,-27,-51,-23,-41,0,0,0,0,0,0,0,0,0,0,0,0,0,0,0,0,0,0,0,0,0,0,0,0,0]} 1. d4 Nf6 2. c4 e6 3. Nc3 Bb4 4. e3 O-O 5. Bd3 c5 6. Nf3 b6 7. O-O Bxc3 8. bxc3 Bb7 9. Qc2 {E43: Nimzo-Indian: Rubinstein: 4...b6} (9. Nd2 Nc6 10. Nb3 Ba6 11. Re1 Rc8 12. a4 d6 13. Bf1 Re8 14. e4 cxd4 15. cxd4 e5 16. d5 Nb8 17. Nd2 {½-½ (44) Aleksandrov,A (2595)-Vitiugov,N (2742) St Petersburg 2014}) 9... Bxf3 10. gxf3 Nc6 {LiveBook: 3 Games} 11. f4 {Black has an edge.} d6 12. Kh1 $146 (12. d5 $5 Ne7 13. f3 $11) ({Find the theoretical novelty and annotate with similar games:} 12. Be2 Rc8 13. dxc5 dxc5 {0-1 (69) Engels,L-Bogoljubow,E Bad Elster 1938}) 12... e5 13. d5 Ne7 (13... e4 $5 14. Bxe4 Nxe4 $11) 14. fxe5 dxe5 15. f4 (15. a4 $11) 15... exf4 (15... e4 $1 $15 16. Bxe4 Nxe4 17. Qxe4 Nc8) 16. exf4 $11 Ng6 17. Qg2 Ne8 {[#]} (17... Kh8 $1 $11 {keeps the balance.}) 18. Bd2 (18. f5 $1 $16 {[%cal Rf5g6]} Ne5 {[#]} 19. f6 $1 {[%mdl 512]}) 18... f5 19. Rae1 Nd6 20. Re6 Rf7 21. Qe2 Nf8 22. Re3 Qd7 23. Re1 Qa4 24. Bc1 Rd8 25. Rg1 ({White should play} 25. Re5 $11) 25... b5 $15 26. cxb5 c4 27. Bb1 Qxb5 28. Ba3 Qxd5+ 29. Qg2 Qxg2+ 30. Rxg2 Nb5 31. Bc5 Rd5 $36 {[%mdl 2048] Black is on the roll.} 32. Bb4 {[#]} a5 $1 {[%mdl 512]} 33. Bxf8 (33. Bxa5 Na3) 33... Kxf8 34. Rge2 {[%csl Ge2][%cal Re3e8]} g6 35. Bc2 Nc7 36. Ba4 Rd3 37. Rxd3 cxd3 $19 {[%mdl 4096] Endgame KRB-KRN} 38. Rd2 Ne6 {...Nc5 is the strong threat.} 39. Bb3 Re7 40. Bxe6 Rxe6 41. Rxd3 $17 {KR-KR} Re4 42. Rd7 h6 43. Ra7 Rxf4 {Hoping for ...Ra4.} 44. Rxa5 Rf2 (44... Kg7 $17 45. Kg2 Rc4) 45. c4 f4 46. Kg1 Rc2 47. c5 g5 48. a4 f3 49. h3 {The position is equal.} Kg7 {Strongly threatening ...Kf6.} 50. Rb5 h5 {White must now prevent ...Kf6.} 51. Rb3 g4 (51... Kg6 $5 {[%cal Rg5g4]}) 52. hxg4 $1 hxg4 53. Rb4 Rg2+ 54. Kf1 Kh6 55. c6 Kh5 56. Rc4 {Intending c7 and mate.} Rh2 {( -> ...g3)} 57. Rc3 $1 Rh1+ 58. Kf2 Rh2+ 59. Kf1 Rh1+ 60. Kf2 {aiming for c7.} Rh2+ {Precision: White = 60%, Black = 60%.} 1/2-1/2

[Event "XIX Sants Open 2017"]
[Site "Cotxeres de Sants"]
[Date "2017.08.18"]
[Round "1"]
[White "Yapar, Nedim"]
[Black "Schroeder, Jan-Christian"]
[Result "0-1"]
[WhiteElo "2102"]
[BlackElo "2539"]
[Annotator "TA"]
[PlyCount "108"]
[EventDate "2017.??.??"]
[EventType "swiss"]
[EventCountry "ESP"]
[SourceTitle "playchess.com"]
[Source "ChessBase"]
[SourceQuality "1"]

{[%evp 23,108,19,11,3,20,0,0,0,24,-20,-14,-27,-27,-34,-22,-58,-39,-94,-93,-101,-89,-91,-87,-101,-101,-105,-98,-205,-205,-305,-305,-296,-286,-286,-293,-278,-249,-248,-248,-295,-285,-283,-289,-287,-264,-287,-288,-416,-433,-423,-341,-512,-403,-441,-447,-723,-690,-707,-680,-2160,-2160,-1951,-1770,-29967,-29966,-29966,-29972,-29976,-29975,-29976,-29967,-7096,-6905,-29978,-29976,-29979,-29980,-29980,-29981,-29983,-29984,-29982,-29983,-29983,-29984,-29984,-29985]} 1. d4 Nf6 2. c4 e6 3. Nf3 b6 4. g3 Ba6 5. b3 Bb7 6. Bg2 Bb4+ 7. Bd2 a5 8. O-O O-O 9. Nc3 d6 10. Qc2 Nbd7 11. a3 Bxc3 12. Bxc3 Be4 {LiveBook: 16 Games. E15: Queen's Indian: 4 g3 sidelines, 4 g3 Ba6 and 4 g3 Bb7 early deviations} 13. Qd2 {[#]} d5 $146 ({Predecessor:} 13... Qb8 14. b4 axb4 15. axb4 b5 16. Rxa8 Qxa8 17. Ra1 Qb7 18. Ra5 bxc4 19. Qa2 Nb6 20. Ra7 {0-1 (37) Monell Camarasa,D-Psakhis,L (2585) Andorra 1994}) 14. Rfd1 a4 {The position is equal.} 15. cxd5 exd5 16. b4 b5 17. Qc1 Nb6 18. Bd2 Nc4 19. Bg5 Re8 20. Qf4 (20. Bh3 $15) 20... Ra6 $17 21. Ra2 h6 22. Bxf6 Rxf6 23. Qc1 Qc8 24. Ne1 Bxg2 ({Inferior is} 24... Qf5 25. f3 $16) 25. Kxg2 {[#]} (25. Nxg2 $17 g5 26. Rd3) 25... Qf5 $1 $19 {[%cal Rf5f2] [#]} 26. Nd3 {[#]} (26. Qf4 $1 {[%mdl 512] was called for.}) 26... Rxe2 $1 {[%mdl 512]} 27. Rxe2 Qf3+ 28. Kg1 {aiming for Ra2.} Qxe2 29. Nf4 Qf3 {Threatens to win with ...g5.} 30. Rd3 Qe4 {Hoping for ...Rxf4!} 31. Qf1 c6 32. f3 Qe7 33. Qe2 Qd7 34. Qf2 g5 35. Nh5 (35. Ng2 $142) 35... Re6 36. g4 Qe8 37. Ng3 (37. Qf1 $142) 37... Re3 38. Rd1 Qe6 39. Nf5 (39. h4 $142 h5 40. Nxh5) 39... Re2 40. Qg3 Ne3 41. Re1 Rxe1+ 42. Qxe1 Nxf5 43. Qxe6 fxe6 {[%cal Bf7e6,Be6f5][%mdl 32]} 44. gxf5 exf5 {[%mdl 4096] Endgame KP-KP} 45. f4 Kf7 46. Kg2 Kg6 47. Kf3 h5 {[%cal Bh6h5,Bh5h4][%mdl 32]} 48. Kg3 h4+ {Black mates.} 49. Kf3 g4+ 50. Kf2 Kf6 51. Kg2 Ke6 52. Kf2 Kd7 53. Ke3 Kc7 54. Kf2 {[#]} c5 $1 {Precision: White = 32%, Black = 90%.} 0-1

[Event "XIX Sants Open 2017"]
[Site "Cotxeres de Sants"]
[Date "2017.08.18"]
[Round "1"]
[White "Mut Company, Guillem"]
[Black "Rodriguez Guillen, Carlos"]
[Result "0-1"]
[WhiteElo "1948"]
[BlackElo "1752"]
[Annotator "NA"]
[PlyCount "33"]
[EventDate "2017.??.??"]
[EventType "swiss"]
[EventCountry "ESP"]
[SourceTitle "playchess.com"]
[Source "ChessBase"]
[SourceQuality "1"]
[TimeControl "40/5400+30:1800+30"]

1. d4 {[%emt 0:00:00]} Nf6 {[%emt 0:00:04]} 2. Bg5 {[%emt 0:00:00]} c5 {[%emt 0:02:54]} 3. d5 {[%emt 0:00:07]} Qb6 {[%emt 0:01:04]} 4. Nc3 {[%emt 0:01:00]} Na6 {[%emt 0:03:29]} 5. e4 {[%emt 0:14:28]} Qxb2 {[%emt 0:05:35]} 6. Bd2 {[%emt 0:08:45]} Nb4 {[%emt 0:08:41]} 7. Bd3 {[%emt 0:03:41]} c4 {[%emt 0:12:11]} 8. Rb1 {[%emt 0:03:31]} Nxd3+ {[%emt 0:00:26]} 9. cxd3 {[%emt 0:02:07]} Qa3 {[%emt 0:00:58]} 10. e5 {[%emt 0:06:35]} Nxd5 {[%emt 0:05:44]} 11. Nxd5 {[%emt 0:01:21]} Qxd3 {[%emt 0:03:41]} 12. Nc7+ {[%emt 0:02:54]} Kd8 {[%emt 0:00:05]} 13. Nxa8 {[%emt 0:05:35]} Qe4+ {[%emt 0:05:19]} 14. Ne2 {[%emt 0:08:12]} Qxg2 {[%emt 0:00:39]} 15. Rg1 {[%emt 0:01:07]} Qxh2 {[%emt 0:01:30]} 16. Bf4 {[%emt 0:03:44]} Qh4 {[%emt 0:01:23]} 17. Qd4 {[%emt 0:04:44]} 0-1

[Event "XIX Sants Open 2017"]
[Site "Cotxeres de Sants"]
[Date "2017.08.18"]
[Round "1"]
[White "Palomeras Ustrell, Eduard"]
[Black "Petit Montes, Marc"]
[Result "0-1"]
[WhiteElo "1748"]
[BlackElo "1948"]
[Annotator "NA RC"]
[PlyCount "154"]
[EventDate "2017.??.??"]
[EventType "swiss"]
[EventCountry "ESP"]
[SourceTitle "playchess.com"]
[Source "ChessBase"]
[SourceQuality "1"]
[TimeControl "40/5400+30:1800+30"]

1. d4 {[%emt 0:00:00]} d5 {[%emt 0:10:53]} 2. Nf3 {[%emt 0:00:00]} Nf6 {[%emt 0:00:18]} 3. Bf4 {[%emt 0:00:39]} c5 {[%emt 0:02:49]} 4. e3 {[%emt 0:01:43]} Nc6 {[%emt 0:04:10]} 5. c3 {[%emt 0:01:01] LiveBook: 826 Games} cxd4 {[%emt 0:03:28]} 6. exd4 {[%emt 0:01:08]} e6 {[%emt 0:05:22]} 7. Nbd2 {[%emt 0:01:59]} Bd6 {[%emt 0:00:38]} 8. Ne5 {[%emt 0:02:10] D02: 1 d4 d5 2 Nf3 sidelines, including 2...Nf6 3 g3 and 2...Nf6 3 Bf4} (8. Bg3 O-O 9. Bd3 a6 10. O-O Bxg3 11. hxg3 b5 12. b4 Qc7 13. Re1 Re8 14. a4 bxa4 15. Qxa4 Bd7 16. b5 {½-½ (94) Kamsky,G (2732)-Wang,Y (2697) Beijing 2011}) 8... Qc7 {[%emt 0:00:52]} 9. Bb5 {[%emt 0:03:52]} Nd7 {[%emt 0:02:15]} 10. Ndf3 {[%emt 0:07:26]} f6 {[%emt 0:10:43]} 11. Nxd7 {[%emt 0:11:43]} Bxd7 $146 {[%emt 0:00:58]} ({Find the theoretical novelty and annotate with similar games:} 11... Bxf4 12. Nc5 a6 13. Ba4 {1-0 (13) Garmatz,W (1441)-Blas,I (1873) LSS email 2007}) 12. Bxd6 {[%emt 0:03:48]} Qxd6 {[%emt 0:00:12]} 13. O-O {[%emt 0:00:56]} O-O {[%emt 0:01:01]} 14. Qc2 {[%emt 0:18:36]} e5 {[%emt 0:08:13]} 15. c4 {[%emt 0:13:54]} e4 {[%emt 0:13:53]} 16. Bxc6 {[%emt 0:03:30]} bxc6 {[%emt 0:00:28]} 17. c5 {[%emt 0:00:32]} Qf4 {[%emt 0:03:12]} 18. Qd2 {[%emt 0:03:38]} Qc7 {[%emt 0:11:07]} 19. Ne1 {[%emt 0:00:22]} f5 {[%emt 0:00:18]} 20. Nc2 {[%emt 0:02:10]} f4 {[%emt 0:00:39]} 21. f3 {[%emt 0:03:32]} e3 {[%emt 0:01:34]} 22. Qc3 {[%emt 0:00:51]} Rf6 {[%emt 0:02:36]} 23. Rfe1 {[%emt 0:01:31]} Bf5 {[%emt 0:04:50]} 24. Nb4 {[%emt 0:00:29]} Qf7 {[%emt 0:04:35]} 25. Nd3 {[%emt 0:00:23]} Bxd3 {[%emt 0:00:23]} 26. Qxd3 {[%emt 0:00:06]} Qh5 {[%emt 0:01:16]} 27. a3 {[%emt 0:01:18]} Rh6 {[%emt 0:00:29]} 28. h3 {[%emt 0:00:23]} Qg5 {[%emt 0:00:31]} 29. Kf1 {[%emt 0:01:38]} Qg3 {[%emt 0:00:59]} 30. Qe2 {[%emt 0:01:31]} Rf8 {[%emt 0:00:18]} (30... Qh2 $142 {[%cal Rh2h1]} 31. Qc2 Rg6) 31. b4 {[%emt 0:00:43]} Rff6 {[%emt 0:00:13]} 32. Ra2 {[%emt 0:00:26]} Rfg6 {[%emt 0:00:28]} 33. Qa6 {[%emt 0:01:39]} Rf6 {[%emt 0:01:54]} 34. Qc8+ {[%emt 0:00:25]} Rf8 {[%emt 0:00:18]} 35. Qg4 {[%emt 0:00:10]} Qh2 {[%emt 0:02:01]} 36. h4 {[%emt 0:03:26]} Rxh4 {[%emt 0:01:05]} 37. Qe6+ {[%emt 0:03:42]} Kh8 {[%emt 0:00:10]} 38. Qe7 {[%emt 0:00:52]} Rg8 {[%emt 0:01:26]} 39. Rea1 {[%emt 0:00:31]} Qh1+ {[%emt 0:00:45]} 40. Ke2 {[%emt 0:00:00]} Qxg2+ {[%emt 0:00:14]} 41. Kd3 {[%emt 0:01:16]} Qg6+ {[%emt 0:06:28]} 42. Kc3 {[%emt 0:00:09]} Rh3 {[%emt 0:00:28]} 43. Rf1 {[%emt 0:01:29]} Re8 {[%emt 0:05:39]} 44. Qd7 {[%emt 0:00:27]} Qe6 {[%emt 0:03:17]} 45. Qxe6 {[%emt 0:04:35]} Rxe6 {[%emt 0:00:06]} 46. Re2 {[%emt 0:00:32]} g5 {[%emt 0:00:26]} 47. a4 {[%emt 0:00:23]} g4 {[%emt 0:01:25]} 48. fxg4 {[%emt 0:07:53]} f3 {[%emt 0:00:07]} 49. Ree1 {[%emt 0:00:15]} e2 {[%emt 0:00:25]} 50. Rf2 {[%emt 0:00:26]} a6 {[%emt 0:03:59]} 51. b5 {[%emt 0:01:34]} a5 {[%emt 0:02:46]} 52. b6 {[%emt 0:01:54]} Re7 {[%emt 0:00:15]} 53. Kd2 {[%emt 0:00:31]} Kg7 {[%emt 0:00:47]} 54. Rb1 {[%emt 0:00:25]} Rb7 {[%emt 0:01:45]} 55. Rb3 {[%emt 0:00:54]} Rh1 {[%emt 0:00:38]} 56. Re3 {[%emt 0:00:15]} Rd1+ {[%emt 0:00:41]} 57. Kc3 {[%emt 0:00:53]} e1=Q+ {[%emt 0:00:56]} 58. Rxe1 {[%emt 0:00:21]} Rxe1 {[%emt 0:00:08]} 59. Rxf3 {[%emt 0:00:14]} Ra1 {[%emt 0:00:36]} 60. Kb3 {[%emt 0:01:31]} Rb1+ {[%emt 0:00:31]} 61. Kc3 {[%emt 0:00:22]} Rb4 {[%emt 0:00:19]} 62. Re3 {[%emt 0:00:30]} Kf7 {[%emt 0:00:27]} 63. Rh3 {[%emt 0:00:10]} Kg6 {[%emt 0:01:30]} 64. Re3 {[%emt 0:00:10]} Kf6 {[%emt 0:00:27]} 65. Re8 {[%emt 0:00:33]} Re7 {[%emt 0:00:55]} 66. Rc8 {[%emt 0:02:47]} Re3+ {[%emt 0:00:57]} 67. Kd2 {[%emt 0:01:32]} Re6 {[%emt 0:00:10]} 68. Ra8 {[%emt 0:00:23]} Rxd4+ {[%emt 0:00:34]} 69. Kc3 $19 {[%emt 0:00:12]} Rc4+ {[%emt 0:00:22]} 70. Kd3 {[%emt 0:00:34]} Rb4 {[%emt 0:01:11]} 71. Rxa5 {[%emt 0:00:25]} Ree4 {[%emt 0:00:23]} 72. Ra7 {[%emt 0:01:35]} Rxa4 {[%emt 0:02:13]} 73. Rxh7 {[%emt 0:02:10]} Rxg4 {[%emt 0:01:30]} 74. Rc7 {[%emt 0:00:32]} Ra3+ {[%emt 0:01:16]} 75. Kc2 {[%emt 0:00:10]} Rg2+ {[%emt 0:00:24]} 76. Kb1 {[%emt 0:00:08]} Rh3 {[%emt 0:00:22]} 77. Rxc6+ {[%emt 0:00:07]} Ke5 0-1

[Event "XIX Sants Open 2017"]
[Site "Cotxeres de Sants"]
[Date "2017.08.18"]
[Round "1"]
[White "Martinez Torras, Pol"]
[Black "Latorre Coma, Antoni"]
[Result "0-1"]
[WhiteElo "1647"]
[BlackElo "1423"]
[Annotator "NA RC"]
[PlyCount "160"]
[EventDate "2017.??.??"]
[EventType "swiss"]
[EventCountry "ESP"]
[SourceTitle "playchess.com"]
[Source "ChessBase"]
[SourceQuality "1"]
[TimeControl "40/5400+30:1800+30"]

1. d4 d5 2. Nf3 Nf6 3. c4 dxc4 4. Nc3 e6 5. Bg5 Be7 6. e3 c5 7. Bxc4 cxd4 8. exd4 Nc6 9. O-O O-O 10. a3 Nd5 11. Bxe7 Ncxe7 12. Qb3 b6 13. Bxd5 Nxd5 14. Rac1 Bb7 15. Rfd1 Nf4 16. Ne1 Qg5 17. g3 Ba6 18. h4 Nh3+ 19. Kh2 Qf5 20. Qc2 Nxf2 21. Qxf5 exf5 22. Rd2 Ng4+ 23. Kg1 Rfe8 24. Ng2 Ne3 25. Nxe3 Rxe3 26. Kf2 Rae8 27. Rcd1 h6 28. d5 f4 29. gxf4 Rh3 30. Ne2 Rh2+ 31. Kg1 Rhxe2 32. d6 Rxd2 33. Rxd2 Rd8 34. Kf2 Bc8 35. Ke3 f6 36. Ke4 g6 37. Kd5 Bd7 38. Rc2 Kf7 39. Rc7 a6 40. b4 g5 41. fxg5 f5 42. gxh6 Kg6 43. h7 Kxh7 44. Ke5 Kg6 45. Ra7 Re8+ 46. Kf4 Re4+ 47. Kf3 Bb5 48. a4 Bc6 49. Kf2 Bxa4 50. Rxa6 Bd7 51. Rxb6 Rxh4 52. Rb7 Be8 53. Re7 Bb5 54. Rb7 Rxb4 55. d7 Rf4+ 56. Kg3 Rg4+ 57. Kf2 Bxd7 58. Rxd7 Kg5 59. Rg7+ Kf4 60. Rb7 Ke4 61. Rb4+ Ke5 62. Rb5+ Kf6 63. Rb6+ Kg5 64. Rb8 Re4 65. Rb3 Rf4+ 66. Kg2 Rg4+ 67. Kf2 Ra4 68. Rb2 f4 69. Rc2 Kg4 70. Rb2 Ra3 71. Kg2 Rg3+ 72. Kf2 Rh3 73. Kg1 Kg3 74. Rb3+ f3 75. Rb2 Rh8 76. Rd2 Re8 77. Kf1 Ra8 78. Rd1 Ra2 79. Ke1 Kg2 80. Rd6 f2+ 0-1

[Event "XIX Sants Open 2017"]
[Site "Cotxeres de Sants"]
[Date "2017.08.18"]
[Round "1"]
[White "Berlanda, Giuseppe"]
[Black "Serrano Batova, Vicent"]
[Result "0-1"]
[WhiteElo "1638"]
[BlackElo "1419"]
[Annotator "NA"]
[PlyCount "89"]
[EventDate "2017.??.??"]
[EventType "swiss"]
[EventCountry "ESP"]
[SourceTitle "playchess.com"]
[Source "ChessBase"]
[SourceQuality "1"]
[TimeControl "40/5400+30:1800+30"]

1. e4 {[%emt 0:00:00]} d6 {[%emt 0:06:57]} 2. d4 {[%emt 0:00:16]} Nf6 {[%emt 0:00:44]} 3. Nc3 {[%emt 0:00:34]} g6 {[%emt 0:00:56]} 4. Nf3 {[%emt 0:01:37]} Bg7 {[%emt 0:00:11]} 5. Bc4 {[%emt 0:01:04]} O-O {[%emt 0:00:40]} 6. O-O {[%emt 0:00:41]} Nbd7 {[%emt 0:00:11]} 7. Bf4 {[%emt 0:00:50]} b6 {[%emt 0:00:08]} 8. Re1 {[%emt 0:02:51]} Bb7 {[%emt 0:01:00]} 9. Qd2 {[%emt 0:02:00]} c5 {[%emt 0:01:51]} 10. Rad1 {[%emt 0:05:55]} cxd4 {[%emt 0:01:56]} 11. Nd5 {[%emt 0:01:57]} e5 {[%emt 0:02:06]} 12. Bg5 {[%emt 0:01:29]} Bxd5 {[%emt 0:04:07]} 13. Bxd5 {[%emt 0:00:12]} Rc8 {[%emt 0:00:29]} 14. Qb4 {[%emt 0:04:38]} Nxd5 {[%emt 0:03:01]} 15. exd5 {[%emt 0:00:43]} f6 {[%emt 0:02:33]} 16. Bc1 {[%emt 0:02:02]} Qc7 {[%emt 0:00:51]} 17. Nd2 {[%emt 0:07:09]} Qc5 {[%emt 0:02:45]} 18. Qa4 {[%emt 0:03:06]} b5 {[%emt 0:00:38]} 19. Qb3 {[%emt 0:00:59]} a6 {[%emt 0:00:33]} 20. Ne4 {[%emt 0:01:47]} Qxc2 {[%emt 0:02:47]} 21. Qa3 {[%emt 0:03:21]} Nb6 {[%emt 0:16:31]} 22. Qxd6 {[%emt 0:05:54]} Qc7 {[%emt 0:00:35]} 23. Qe6+ {[%emt 0:06:33]} Kh8 {[%emt 0:00:09]} 24. Qh3 {[%emt 0:05:04]} Nxd5 {[%emt 0:00:33]} 25. Bd2 {[%emt 0:02:58]} Qe7 {[%emt 0:06:15]} 26. Rc1 {[%emt 0:02:57]} Rxc1 {[%emt 0:07:14]} 27. Rxc1 {[%emt 0:00:35]} Nb6 {[%emt 0:01:44]} 28. a3 {[%emt 0:03:02]} Qd7 {[%emt 0:04:46]} 29. Qf3 {[%emt 0:01:48]} Qf5 {[%emt 0:01:39]} 30. Qe2 {[%emt 0:01:18]} Nc4 {[%emt 0:00:41]} 31. Bb4 {[%emt 0:01:55]} Rd8 {[%emt 0:00:34]} 32. f3 {[%emt 0:07:04]} Qf4 {[%emt 0:01:41]} 33. Rd1 {[%emt 0:06:30]} Qe3+ {[%emt 0:01:35]} 34. Qf2 {[%emt 0:01:36]} Qxf2+ {[%emt 0:00:17]} 35. Kxf2 {[%emt 0:00:04]} Nxb2 {[%emt 0:01:38]} 36. Rd2 {[%emt 0:00:53]} Nc4 {[%emt 0:00:17]} 37. Rd3 {[%emt 0:00:24]} Re8 {[%emt 0:03:05]} 38. f4 {[%emt 0:01:14]} f5 {[%emt 0:02:24]} 39. Ng5 {[%emt 0:02:18]} e4 {[%emt 0:00:59]} 40. Rd1 {[%emt 0:00:00]} d3 {[%emt 0:00:33]} 41. Nf7+ {[%emt 0:01:51]} Kg8 {[%emt 0:00:27]} 42. Ne5 {[%emt 0:00:03]} Bxe5 {[%emt 0:00:26]} 43. fxe5 {[%emt 0:00:16]} e3+ {[%emt 0:00:19]} 44. Kf3 Nxe5+ 45. Kxe3 0-1

[Event "XIX Sants Open 2017"]
[Site "Cotxeres de Sants"]
[Date "2017.08.18"]
[Round "1"]
[White "Arias Aranda, Guillem"]
[Black "Aparicio Escudero, Hector F"]
[Result "0-1"]
[WhiteElo "1419"]
[BlackElo "1641"]
[Annotator "NA"]
[PlyCount "94"]
[EventDate "2017.??.??"]
[EventType "swiss"]
[EventCountry "ESP"]
[SourceTitle "playchess.com"]
[Source "ChessBase"]
[SourceQuality "1"]
[TimeControl "40/5400+30:1800+30"]

1. e4 {[%emt 0:03:43]} Nc6 {[%emt 0:00:06]} 2. Nf3 {[%emt 0:00:19]} d6 {[%emt 0:00:17]} 3. d4 {[%emt 0:00:45]} Nf6 {[%emt 0:00:42]} 4. d5 {[%emt 0:00:47]} Ne5 {[%emt 0:01:39]} 5. Nxe5 {[%emt 0:00:39]} dxe5 {[%emt 0:00:06]} 6. Nc3 {[%emt 0:00:28]} e6 {[%emt 0:00:48]} 7. Bb5+ {[%emt 0:00:28]} Bd7 {[%emt 0:02:28]} 8. dxe6 {[%emt 0:00:30]} fxe6 {[%emt 0:00:34]} 9. Bxd7+ {[%emt 0:04:20]} Qxd7 {[%emt 0:05:58]} 10. Qxd7+ {[%emt 0:03:45]} Kxd7 {[%emt 0:01:46]} 11. Bd2 {[%emt 0:01:20]} Bc5 {[%emt 0:03:12]} 12. O-O-O {[%emt 0:01:45]} Ke7 {[%emt 0:10:34]} 13. f3 {[%emt 0:01:54]} Rad8 {[%emt 0:04:28]} 14. Bg5 {[%emt 0:02:47]} h6 {[%emt 0:01:16]} 15. Bh4 {[%emt 0:00:02]} Be3+ {[%emt 0:01:34]} 16. Kb1 {[%emt 0:02:03]} Rxd1+ {[%emt 0:01:10]} 17. Rxd1 {[%emt 0:00:32]} Rd8 {[%emt 0:00:41]} 18. Rxd8 {[%emt 0:04:07]} Kxd8 {[%emt 0:00:15]} 19. Ne2 {[%emt 0:00:52]} g5 {[%emt 0:01:25]} 20. Bg3 {[%emt 0:03:43]} Bf4 {[%emt 0:01:57]} 21. h3 {[%emt 0:09:16]} Bxg3 {[%emt 0:01:18]} 22. Nxg3 {[%emt 0:00:02]} h5 {[%emt 0:01:10]} 23. Kc1 {[%emt 0:01:54]} Ke7 {[%emt 0:01:19]} 24. Kd2 {[%emt 0:01:17]} Kf7 {[%emt 0:03:58]} 25. Ke2 {[%emt 0:01:19]} h4 {[%emt 0:00:46]} 26. Nf1 {[%emt 0:00:22]} Nh5 {[%emt 0:00:25]} 27. Ne3 {[%emt 0:01:57]} Nf4+ {[%emt 0:02:33]} 28. Kf2 {[%emt 0:00:35]} Kg7 {[%emt 0:02:51]} 29. Ng4 {[%emt 0:03:42]} Ng6 {[%emt 0:00:24]} 30. Ne3 {[%emt 0:04:11]} Nf4 {[%emt 0:01:06]} 31. Nc4 {[%emt 0:00:29]} Kf6 {[%emt 0:02:41]} 32. Na5 {[%emt 0:00:54]} b6 {[%emt 0:00:44]} 33. Nc6 {[%emt 0:01:10]} a5 {[%emt 0:02:54]} 34. Na7 {[%emt 0:03:25]} Ke7 {[%emt 0:02:11]} 35. Nb5 {[%emt 0:00:22]} c6 {[%emt 0:01:58]} 36. Nc3 {[%emt 0:01:24]} Kd6 {[%emt 0:00:34]} 37. Ne2 {[%emt 0:00:20]} b5 {[%emt 0:02:38]} 38. a3 {[%emt 0:05:18]} b4 {[%emt 0:02:04]} 39. axb4 {[%emt 0:02:30]} axb4 {[%emt 0:00:11]} 40. Nxf4 {[%emt 0:00:00]} exf4 {[%emt 0:00:25]} 41. Ke2 {[%emt 0:00:22]} Kc5 {[%emt 0:04:16]} 42. Kd3 {[%emt 0:02:33]} e5 {[%emt 0:00:47]} 43. b3 {[%emt 0:01:14]} Kb5 {[%emt 0:00:33]} 44. c4+ {[%emt 0:00:31]} Kc5 {[%emt 0:01:04]} 45. Kc2 {[%emt 0:02:42]} Kd4 {[%emt 0:00:10]} 46. c5 {[%emt 0:00:29]} Ke3 {[%emt 0:01:47]} 47. Kd1 {[%emt 0:00:16]} Kd3 0-1